| Tag |
First Indicator |
Second Indicator |
Subfields |
| LEADER |
00000cam a2200000Ii 4500 |
| 001 |
in00002107621 |
| 005 |
20151103052118.0 |
| 008 |
790627s1971 nyu b 001 0ceng d |
| 035 |
|
|
|a (OCoLC)ocm05114984
|
| 040 |
|
|
|a IQW
|c IQW
|d OCLCQ
|d TXA
|d UtOrBLW
|
| 043 |
|
|
|a n-us---
|
| 049 |
|
|
|a TXAM
|
| 090 |
|
|
|a E713
|b .B47 1971
|
| 100 |
1 |
|
|a Beisner, Robert L.
|
| 245 |
1 |
0 |
|a Twelve against empire :
|b the anti-imperialists, 1898-1900 /
|c by Robert L. Beisner.
|
| 250 |
|
|
|a 1st McGraw-Hill pbk. ed.
|
| 264 |
|
1 |
|a New York :
|b McGraw-Hill,
|c 1971.
|
| 300 |
|
|
|a x, 310 pages ;
|c 21 cm.
|
| 336 |
|
|
|a text
|b txt
|2 rdacontent
|
| 337 |
|
|
|a unmediated
|b n
|2 rdamedia
|
| 338 |
|
|
|a volume
|b nc
|2 rdacarrier
|
| 504 |
|
|
|a Includes bibliographical references (pages [241]-294) and index.
|
| 536 |
|
|
|a From the library of Betty Miller Unterberger, Patricia and Bookman Peters Professor of History, December 2005.
|
| 651 |
|
0 |
|a United States
|x Foreign relations
|y 1897-1901.
|
| 650 |
|
0 |
|a Imperialism.
|
| 948 |
|
|
|a cataloged
|b h
|c 2006/3/9
|d c
|e mphillip
|f 6:46:50 pm
|
| 994 |
|
|
|a C0
|b TXA
|
| 999 |
|
|
|a MARS
|
| 999 |
f |
f |
|s 679683a3-5f2b-3014-a025-78ebd3ae5b72
|i eb172d90-40e1-3e1b-a716-3110b6f968d1
|t 0
|
| 952 |
f |
f |
|p normal
|a Texas A&M University
|b College Station
|c Sterling C. Evans Library
|d Evans: Library Stacks
|t 0
|e E713 .B47 1971
|h Library of Congress classification
|i unmediated -- volume
|m A14833529242
|
| 998 |
f |
f |
|a E713 .B47 1971
|t 0
|l Evans: Library Stacks
|